000 00943nam a22002177a 4500
003 OSt
005 20260218130142.0
008 260218b |||||||| |||| 00| 0 eng d
040 _c0
082 _aDPer 796.07 J826 January-October 2023 v. 42 n. 1-4
100 _aIson, Shelby E.
_eauthor.
_969792
245 _aAnother Decade of Qualitative Research in the Journal of Teaching in Physical Education /
_cShelby E. Ison, Kevin Andrew Richards, Michael A. Hemphill, and Thomas J. Templin.
260 _aChampaign, IL ;
_bHuman Kinetics, Inc. ,
_cJuly 2023.
300 _aVolume 42, pages 535-546 :
_billustration ;
_c29 cm.
500 _aJournal of Teaching in Physical Education, vol. 42 no. 3, pages 535-546, July 2023.
700 _aIson, Shelby E.
_eauthor.
_969792
700 _aRichards, Kevin Andrew
_eauthor.
_969703
700 _aHemphill, Michael A.
_eauthor.
_969793
700 _aTemplin, Thomas J.
_eauthor.
_969794
942 _2ddc
_cPER
999 _c24344
_d24344